000 00601nam a2200241Ia 4500
003 OSt
005 20221005122521.0
006 a|||||r|||| 00| 0
007 ta
008 221004b |||||||| |||| 00| 0 mar d
024 _a40990
037 _cTextual
040 _aCRL
_cCRL
_bmar
041 _2mar
_amar
082 _aO155,3NRA2x, L6
100 _aRaje Shalja Au.
_9632123
245 0 _aKafiyat
260 _c1976
300 _a196
_ccm.
650 _aMARATHI LITERATURE
_938000
942 _hO155,3NRA2x, L6
_cTEXL
_2cc
999 _c1044538
_d1044538